IFM Opac

Contemporary Strategy Analysis: (Record no. 22196)

MARC details
000 -LEADER
fixed length control field 00339nam a22001337a 4500
020 ## - INTERNATIONAL STANDARD BOOK NUMBER
ISBN 978-1-119-12084-1
082 ## - DEWEY DECIMAL CLASSIFICATION NUMBER
Classification number 658.4
100 ## - MAIN ENTRY--AUTHOR NAME
Personal name Grant, Robert M.
245 ## - TITLE STATEMENT
Title Contemporary Strategy Analysis:
Sub Title Text and Cases
250 ## - EDITION STATEMENT
Edition statement 9th
260 ## - PUBLICATION, DISTRIBUTION, ETC. (IMPRINT)
Place of publication Chichester;
Name of publisher John Wiley & Sons,
Year of publication 2016
300 ## - PHYSICAL DESCRIPTION
Number of Pages xv, 758p.: ill.; 25cm
942 ## - ADDED ENTRY ELEMENTS (KOHA)
Koha item type Books
Holdings
Withdrawn status Lost status Damaged status Not for loan Collection code Permanent Location Current Location Shelving location Date acquired Source of acquisition Full call number Accession Number Price effective from Koha item type
        Non-fiction IFM Main Campus Library IFM Main Campus Library Work Room processing 01/21/2026 Purchased 658.4 GRA 0000023512 01/21/2026 Books
        Non-fiction IFM Main Campus Library IFM Main Campus Library Work Room processing 01/21/2026 Purchased 658.4 GRA 0000023513 01/21/2026 Books
        Non-fiction IFM Main Campus Library IFM Main Campus Library Work Room processing 01/21/2026 Purchased 658.4 GRA 0000023511 01/21/2026 Books
        Non-fiction IFM Main Campus Library IFM Main Campus Library Work Room processing 01/21/2026 Purchased 658.4 GRA 0000023509 01/21/2026 Books
        Non-fiction IFM Main Campus Library IFM Main Campus Library Work Room processing 01/21/2026 Purchased 658.4 GRA 0000023510 01/21/2026 Books
        Non-fiction IFM Main Campus Library IFM Main Campus Library Work Room processing 01/21/2026 Purchased 658.4 GRA 0000023508 01/21/2026 Books